Представление документа в формате RUSMARC

ПолеНазваниеЗначение
  Тип записи a
  Библиографический уровень m
001 Контрольный номер UONB/MAIN/48eae67ff83a4629a4ac5b38051fd225
005 Дата корректировки 20260410141047.7
010 Индекс ISBN __
b Уточнения в пер.
d Цена 7 р. 80 к.
9 Тираж 50000 экз.
100 Данные общей обработки __
a Данные общей обработки 20260410d1984 u y0rusy0189 ca
101 Язык документа 0_
a Язык текста rus
102 Страна публикации __
a Страна публикации RU
105 Кодированные данные (монография) __
a Кодированные данные (монография) a z 001yy
200 Заглавие и сведения об ответственности 1_
a Заглавие Русская живопись середины XIX века
f Первые сведения об ответственности М. Н. Шумова
203 Вид содержания и тип средства __
a Вид содержания Текст
b Характеристика содержания визуальный
c Тип средства непосредственный
210 Выходные данные 1_
a Место издания Москва
c Издательство Искусство
d Дата издания 1984
215 Физическое описание __
a Объем 239 с.
c Иллюстрации/тип воспроизводства ил., цв. ил.
d Формат 26 см
320 Библиография __
a Библиография Библиогр.: с.232-238
320 Библиография __
a Библиография Библиогр. в примеч.: с. 29-30
606 Тематические рубрики 0_
a Основная рубрика Русская живопись
z Хронологическая подрубрика 19 в.
610 Ключевые слова 0_
a Ключевые слова русская живопись; художники русские; портретные изображения; 19 в.
675 Индекс УДК __
a Индекс УДК 75
686 Индексы других классификаций __
a Классификационный индекс 85.143(2Р=Рус)5
2 Код системы rubbk
700 Автор _1
a Фамилия Шумова
b Имя (инициалы) М. Н.
g Полное личное имя Марина Николаевна
801 Источник записи _0
a Страна RU
b Организация Ульяновская ОНБ
c Дата составления 20260410
g Правила каталогизации RCR
801 Источник записи _1
a Страна RU
b Организация Ульяновская ОНБ
c Дата составления 20260410
g Правила каталогизации RCR
901 Тип документа __
t Тип документа m
909 Создатель записи __
a Создатель записи Королева
b Дата создания записи 20260410